000 00711nam a2200289Ia 4500
005 20260324120634.0
008 008 260324s9999 xx 000 0 eng d
020 _a9781315882024
037 _aEBOOK
040 _aCRL
040 _beng
040 _cCRL
041 _2eng
041 _aeng
084 _qCRL
100 _aDavid Duffee; Edward Maguire
_91159376
245 0 _aCriminal Justice Theory
245 0 _bExplaining the Nature and Behavior of Criminal Justice
260 _bTaylor and Francis
260 _c2015
365 _a
365 _b300
856 _uhttp://www.taylorfrancis.com/books/9781315882024
942 _cEBOOK
999 _c1751011
_d1751011